Drak sa prebúdza Geely MR

Bibliographic Details
Main Author: Marianyi, Peter, 1953- (Author)
Format: Article
Language:Slovak
PhysicalDescription:Fotogr.
ISSN:1335-0730
Subjects:

MARC

LEADER 00000nab a2200000 ar4500
001 vtls008413329
003 SK-MaSNL
005 20260303070221.0
008 051205c2005 xo wr|p|||||||000 b|slo
015 |a SNBRB2005/12  |2 snkbucl 
038 |a SNKBUCL 
040 |a SNKBUCL  |b slo  |c SNKBUCL  |e AACR2 
041 0 |a slo 
044 |a xo  |c SK 
080 |a 629.331.1  |2 UDC-MRF-SK2 
100 1 |a Marianyi, Peter,  |d 1953-  |4 aut  |9 211540 
245 1 0 |a Drak sa prebúdza  |b Geely MR  |c Peter Marianyi 
300 |b Fotogr. 
650 0 7 |a Geely MR (osobné automobily)  |2 snkbucl  |9 1067342 
650 0 7 |a technické parametre  |2 snkbucl  |9 452097 
650 0 7 |a osobné automobily   |2 snkbucl  |9 26643 
773 0 |t Stop  |g Roč. XXXV, č. 23 (2005), s. 8-9  |x 1335-0730 
852 |a SNK  |b KIS3GCP 
999 |c 1754423  |d 1756353